000 00461nam a2200157 i 4500
001 45284
003 ES-MaACL
005 20230906161207.0
007 t|
008 030325s1879 sp ||||1| spa d
100 1 _aCodera y Zaidín, Francisco.
_939416
245 1 0 _aTratado de numismática arábigo-española /
_cpor Francisco Codera y Zaidin.
260 _aMadrid :
_b[Rojas],
_c1879.
300 _a319 p., XXIV lám. ;
_c22 cm.
852 _aES-MaACL
_jF-12972
999 _c45284
_d45284